Th-Mphil-Investigating the role of exogenous hydrogen peroxide in nanotoxicity reduction in monocot ( maize) and Dicot ( Tomato) plants (Record no. 480012)
[ view plain ]
| 000 -LEADER | |
|---|---|
| fixed length control field | 00432nam a22001337a 4500 |
| 003 - CONTROL NUMBER IDENTIFIER | |
| control field | ASAB |
| 005 - DATE AND TIME OF LATEST TRANSACTION | |
| control field | 20180827062619.0 |
| 008 - FIXED-LENGTH DATA ELEMENTS--GENERAL INFORMATION | |
| fixed length control field | 160217t xxu||||| |||| 00| 0 eng d |
| 040 ## - CATALOGING SOURCE | |
| Transcribing agency | ASAB |
| 100 ## - MAIN ENTRY--PERSONAL NAME | |
| Personal name | Sandal Sheikh-sup-Dr. Kiran Zahid |
| 9 (RLIN) | 1560 |
| 245 ## - TITLE STATEMENT | |
| Title | Th-Mphil-Investigating the role of exogenous hydrogen peroxide in nanotoxicity reduction in monocot ( maize) and Dicot ( Tomato) plants |
| 300 ## - PHYSICAL DESCRIPTION | |
| Extent | 79 p.: |
| 942 ## - ADDED ENTRY ELEMENTS (KOHA) | |
| Source of classification or shelving scheme | |
| Koha item type | Book |
| Withdrawn status | Lost status | Source of classification or shelving scheme | Damaged status | Not for loan | Permanent Location | Current Location | Date acquired | Total Checkouts | Full call number | Barcode | Date last seen | Date last checked out | Price effective from | Koha item type | Shelving location |
|---|---|---|---|---|---|---|---|---|---|---|---|---|---|---|---|
| Atta-ur-Rahman School of Applied Biosciences (ASAB) | Atta-ur-Rahman School of Applied Biosciences (ASAB) | 02/17/2016 | 1 | thesis Sandal Sheikh | ASAB-ms-41-15 | 02/28/2019 | 04/20/2016 | 02/17/2016 | Book | ||||||
| Central Library (CL) | Central Library (CL) | 02/08/2020 | 660.01 | Cl-T-5011 | 02/08/2020 | 02/08/2020 | Thesis | Thesis |
